Молния и гром

Библиографические подробности
Главный автор: Стекольников И. С.
Другие авторы: Винтер А. В. (редактор)
Язык:русский
Опубликовано: Москва, Военное изд-во, 1951
Издание:2-е изд., перераб.
Серии:Научно-популярная библиотека солдата
Предметы:
Формат: Книга
Запись в KOHA:https://koha.lib.tpu.ru/cgi-bin/koha/opac-detail.pl?biblionumber=323742

MARC

LEADER 00000nam0a2200000 4500
001 323742
005 20231102003611.0
035 |a (RuTPU)RU\TPU\book\349329 
090 |a 323742 
100 |a 20161026d1951 m y0rusy50 ca 
101 0 |a rus 
102 |a RU 
105 |a a z 000zy 
200 1 |a Молния и гром  |f И. С. Стекольников  |g под ред. А. В. Винтера 
205 |a 2-е изд., перераб. 
210 |a Москва  |c Военное изд-во  |d 1951 
215 |a 72 с.  |c ил. 
225 1 |a Научно-популярная библиотека солдата 
606 1 |a Молния  |2 stltpush  |3 (RuTPU)RU\TPU\subj\44341  |9 63690 
610 1 |a электрический ток 
610 1 |a электрическое поле 
610 1 |a проводники 
610 1 |a изоляторы 
610 1 |a грозы 
610 1 |a грозовые облака 
610 1 |a шаровые молнии 
610 1 |a молниеотводы 
675 |a 551.584.2  |v 4 
700 1 |a Стекольников  |b И. С. 
702 1 |a Винтер  |b А. В.  |4 340 
801 1 |a RU  |b 63413507  |c 20161026 
801 2 |a RU  |b 63413507  |c 20200825  |g RCR 
942 |c BK